Abdullah Ahmad Badawi : perjalanan politik perdana menteri ke-5

Bibliographic Details
Main Author: Chamil Wariya
Format: Book
Published: Kuala Lumpur : Utusan Publication & Doistributors , 2004
Subjects:

MARC

LEADER 00000cam a2200000 7i4500
001 0000015338
005 20080324.0
008 080324
020 |a 9676115347 
090 0 0 |a 923.2595   |b CHA 
100 0 |a Chamil Wariya 
245 1 0 |a Abdullah Ahmad Badawi :   |b perjalanan politik perdana menteri ke-5   |c Chamil Wariya 
260 |a Kuala Lumpur :   |b Utusan Publication & Doistributors ,   |c 2004 
650 0 |a Malaysia   |x Politics and government 
650 0 |a Prime Ministers   |x Malaysia   |x Biography 
999 |a 0000890955   |b Book   |c Adult Collection   |e Cawangan Mersing 
999 |a 0000890956   |b Book   |c Adult Collection   |e Cawangan Mersing 
999 |a 0000890960   |b Book   |c Adult Collection   |e Cawangan Kota Tinggi 
999 |a 0000890961   |b Book   |c Adult Collection   |e Cawangan Kota Tinggi 
999 |a 0000893399   |b Book   |c Adult Collection   |e Cawangan Pontian 
999 |a 0000910212   |b Book   |c Adult Collection   |e Cawangan Bandar Tenggara 
999 |a 0000939026   |b Book   |c Adult Collection   |e Cawangan Tangkak 
999 |a 0000939027   |b Book   |c Adult Collection   |e Cawangan Tangkak 
999 |a 0000939028   |b Book   |c Adult Collection   |e Cawangan Tangkak 
999 |a 0000939924   |b Book   |c Adult Collection   |e Cawangan Taman Sri Lambak 
999 |a 0001016998   |b Book   |c Adult Collection   |e Perbadanan Perpustakaan Awam Johor 
999 |a 0001034528   |b Book   |c Adult Collection   |e Perbadanan Perpustakaan Awam Johor